000 01441nam a22003017a 4500
999 _c8660
_d8660
003 AR-CdUCM
008 190325b ||||| |||| 00| 0 spa d
020 _a9789972929236
040 _aMUNICIPALIDAD PROVINCIAL DEL CUSCO
_cBIBLIOTECA MUNICIPAL DEL CUSCO
082 _a155.422 /
_bP23
100 _aPanez, Rosario
_924204
245 _aEl emprendimiento infantil en los andes /
_bRosario Panez; Giselle Silva; Max Silva Panez.
260 _aLima :
_bPanez & Silva Consultores :
_bBellido ediciones],
_c2007.
300 _a2 tomos ;
_bIlustraciones ;
_c27 cm.
_e+ CD.
505 _aContenido : Tomo I: Un modelo de promoción de capacidades para niños de 0 a 3 años: Los fundamentos teóricos del emprendimiento infantil -- El proyecto "El niño emprendedor" -- Libro electrónico "El proyecto el niño emprendedor".
505 _aTomo II: Un modelo de promoción de capacidades para niños de 3 a 5 años.
650 _aPsicología infantil - Perú
_924205
650 _aInfancia - Psicología - Huancavelica
_924206
650 _aEstimulación temprana - Metodología
_924207
650 _aEducación en la primera infancia
_924208
650 _aParticipación de padres - Educación
_924209
650 _aInteracción social - Niños
_924210
650 _aCognición - Niños - Huancavelica
_924211
700 _aSilva Pánez, Giselle
_924212
700 _aSilva Panez, Max
_924213
942 _2ddc
_cLIBROS
945 _alccs